Catálogo público

The Fifth Kingdom : (Record no. 220526)

MARC details
000 -CABECERA
campo de control de longitud fija 03099nam a2200301 a 4500
003 - IDENTIFICADOR DEL NÚMERO DE CONTROL
campo de control pa
005 - FECHA Y HORA DE LA ÚLTIMA TRANSACCIÓN
campo de control 20260129141952.0
008 - DATOS DE LONGITUD FIJA--INFORMACIÓN GENERAL
campo de control de longitud fija 250515t2017 us a||||r|||| 00| 0 eng d
020 ## - NÚMERO INTERNACIONAL ESTÁNDAR DEL LIBRO
Número Internacional Estándar del Libro 978 - 1 - 58510 - 459 - 8
040 ## - FUENTE DE LA CATALOGACIÓN
Centro/agencia transcriptor pa
Normas de descripción rda
041 ## - CÓDIGO DE LENGUA
Código de lengua del texto/banda sonora o título independiente eng
Código de lengua del sumario o resumen eng
Código de lengua de la tabla de contenido eng
Código de lengua original eng
082 ## - NÚMERO DE LA CLASIFICACIÓN DECIMAL DEWEY
Número de clasificación PA 589.2
Número de documento/Ítem .K46 2017
100 0# - ENTRADA PRINCIPAL--NOMBRE DE PERSONA
Nombre de persona Kendrick, Bryce
Término indicativo de función/relación autor,
9 (RLIN) 63018
245 ## - MENCIÓN DE TÍTULO
Título The Fifth Kingdom :
Resto del título An introduction to Mycology /
Mención de responsabilidad, etc. Bryce Kendrick
250 ## - MENCIÓN DE EDICIÓN
Mención de edición Fourth edition
264 ## - PRODUCCIÓN, PUBLICACIÓN, DISTRIBUCIÓN, FABRICACIÓN Y COPYRIGHT
Producción, publicación, distribución, fabricación y copyright Indianapolis, Indiana :
Nombre del de productor, editor, distribuidor, fabricante Focus,
Fecha de producción, publicación, distribución, fabricación o copyright 2017
300 ## - DESCRIPCIÓN FÍSICA
Extensión ix, 502 páginas
336 ## - TIPO DE CONTENIDO
Fuente rdacontent
Término de tipo de contenido texto
Código de tipo de contenido txt
337 ## - TIPO DE MEDIO
Fuente rdamedia
Nombre/término del tipo de medio sin medio
Código del tipo de medio n
338 ## - TIPO DE SOPORTE
Fuente rdacarrier
Nombre/término del tipo de soporte volumen
Código del tipo de soporte nc
504 ## - NOTA DE BIBLIOGRAFÍA, ETC.
Nota de bibliografía, etc. Incluye referencias bibliográficas e índice.
505 ## - NOTA DE CONTENIDO CON FORMATO
Nota de contenido con formato Preface -- Introduction -- Kingdoms, Classification, Nomenclature, and Biodiversity -- A Mixed Bag : Protozoan 'Pseudofungi'--Kingdom Protozoa (the So-Called Slime Moulds--Phyla Myxostelida, Dictyostelida, Labyrinthulida, Plasmodiophorida); Pseudofungi--Kingdom Chromista : Phyla Hyphochytriomycota and Oomycota; True Fungi--Kingdom Eumycota : Phylum 1 Chytridiomycota, Phylum 2 Blastocladiomycota, Phylum 3 Neocallimastigomycota -- Eumycotan Fungi--the Mainstream and Others : Phylum 4 Zygomycota, Phylum 5 Glomeromycota, Phylum 6 Microsporidia -- Kingdom Eumycota (True Fungi), Subkingdom Dikarya : Phylum 7 Ascomycota--the Ascomycetes -- Kingdom Eumycota (True Fungi) : Subkingdom Dikarya (Fungi with a Dikaryophase); Phylum 8 Basidiomycota : the Basidiomycetes; Subphyla : Agaricomycotina, Pucciniomycotina, Ustilaginomycotina -- Yeasts--Compact Polyphyletic Extremophile Fungi -- Lichens--Dual (or Even Triple) Extremophile Organisms -- Spore Dispersal in Fungi--Airborne Spores and Allergy -- Fungal Physiology and Metabolism -- Fungal Genetics--Mendelian and Molecular -- Fungal Ecology -- Fungal Diseases of Crops and Trees -- Fungicides--Several Generations--More Needed -- Fungi as Agents of Biological Control -- Fungi Exploiting Microscopic Animals -- Mutualistic Symbioses between Animals and Fungi -- Mycorrhizas--Mutualistic Plant-Fungus Symbioses -- Fungi as Food--Mycophagy -- Fungi in Food Processing -- Food Spoilage by Fungi and How to Prevent It -- Mycotoxins in Food and Feed -- Poisonous and Hallucinogenic Mushrooms -- Medical Mycology -- Commercial Exploitation of Fungal Metabolites and Mycelia -- But How Do You Actually Do Mycology? And How Can You Earn a Living Doing It? -- Glossary -- Sources of Ilustrations -- Index
520 ## - SUMARIO, ETC.
Sumario, etc. Esta nueva edición de El Quinto Reino se ha actualizado para reflejar los avances más recientes en micología, incluyendo la adopción de un nuevo marco taxonómico para los hongos en su conjunto y los últimos avances en genética molecular. Ahora a todo color y con una gran cantidad de nuevas ilustraciones, esta edición también ofrece a los lectores acceso a la extensa colección en línea de fotografías, gráficos y otros recursos visuales de Bryce Kendrick.
534 ## - NOTA SOBRE LA VERSIÓN ORIGINAL
Frase introductoria Título original:
650 #7 - PUNTO DE ACCESO ADICIONAL DE MATERIA--TÉRMINO DE MATERIA
Término de materia o nombre geográfico como elemento de entrada Micología
9 (RLIN) 75476
650 #7 - PUNTO DE ACCESO ADICIONAL DE MATERIA--TÉRMINO DE MATERIA
Término de materia o nombre geográfico como elemento de entrada Hongos
9 (RLIN) 56084
942 ## - ELEMENTOS DE PUNTO DE ACCESO ADICIONAL (KOHA)
Fuente del sistema de clasificación o colocación Dewey Decimal Classification
Tipo de ítem Koha Libro
Holdings
Estado de retiro Estado de pérdida Fuente del sistema de clasificación o colocación Estado dañado Restricciones de uso No para préstamo Código de colección Localización permanente Ubicación/localización actual Fecha de adquisición Fuente de adquisición Información codificada de la localización en otra ubicación Número de inventario Total de préstamos Signatura topográfica completa Código de barras Fecha visto por última vez Precio válido a partir de Tipo de ítem Koha Número de copia
    Dewey Decimal Classification   Préstamo interno   General Parasitologia Agricola Parasitologia Agricola 15/05/2025 Compra Libro Consumo   PA 589.2 .K46 2017 4102004106 15/05/2025 15/05/2025 Libro  
    Dewey Decimal Classification   Préstamo 3 días   General Parasitologia Agricola Parasitologia Agricola 29/01/2026 Compra Libro Consumo   PA 589.2 .K46 2017 4102004189 29/01/2026 29/01/2026 Libro Ej.2
    Dewey Decimal Classification   Préstamo 3 días   General Parasitologia Agricola Parasitologia Agricola 29/01/2026 Compra Libro Consumo   PA 589.2 .K46 2017 4102004190 29/01/2026 29/01/2026 Libro Ej.3